Παιδοκομία και νοσηλευτική : δια τας μαθητρίας των γυμνασίων και των λυκείων
Αποθηκεύτηκε σε:
| Κύριος συγγραφέας: | |
|---|---|
| Μορφή: | Βιβλίο |
| Γλώσσα: | Greek |
| Δημοσίευση: |
Θεσσαλονίκη :
[χ.ό.],
1967
|
| Θέματα: | |
| Ετικέτες: |
Προσθήκη ετικέτας
Δεν υπάρχουν, Καταχωρήστε ετικέτα πρώτοι!
|
MARC
| LEADER | 00000cam a2200000 i 4500 | ||
|---|---|---|---|
| 001 | 1/55594 | ||
| 008 | 040521s1967 gre d | ||
| 035 | |l 10073456 | ||
| 040 | |a GR-MY-UA |b gre |e aacr | ||
| 041 | 0 | |a gre | |
| 082 | 0 | |a 613.0432 | |
| 100 | 1 | |a Ξηροτύρη, Ευγενία. | |
| 245 | 1 | 0 | |a Παιδοκομία και νοσηλευτική : |b δια τας μαθητρίας των γυμνασίων και των λυκείων / |c Ευγενίας Ξηροτύρη |
| 260 | |a Θεσσαλονίκη : |b [χ.ό.], |c 1967 | ||
| 300 | |a 128 σ. | ||
| 650 | 0 | 0 | |a Children |x Health and hygiene. |
| 852 | |a INST |b RHODES |c AKA |e 20040521 |h 613.9432 ΞΗΡ |p 005400019046 |q 005400019046 |t BK |y 0 | ||
| 901 | |a BIBL4-2004-2 | ||
| 909 | |a Ρ |b 109469 | ||
| 970 | |a ΚΟΥΛΑΚΙΟΤΗ |b ΛΙΤΣΑ |z 2004/05/21 | ||